Vysokije davlenija /

Salvato in:
Dettagli Bibliografici
Autori principali: Popova, S.V (Autore), Bendeliani, N.A (Autore)
Natura: Libro
Lingua:russo
Pubblicazione: Moskva : Nauka, 1974
Soggetti:
Tags: Aggiungi Tag
Nessun Tag, puoi essere il primo ad aggiungerne!!

MARC

LEADER 00000nam a22000003a 4500
001 stu40686
005 20150617225722.4
008 930524s1974----xxr-----------------rus-d
040 |a STU  |b slo 
041 0 |a rus 
044 |a xxr 
080 |a 539.89 
100 1 |a Popova, S.V  |4 aut 
245 1 |a Vysokije davlenija /  |c [aut.]S.V. Popova, N.A. Bendeliani 
260 |a Moskva :  |b Nauka,  |c 1974 
300 |a 165 s 
650 7 |a Tvárnenie tlakové  |2 stusub 
700 1 |a Bendeliani, N.A  |4 aut 
996 |b 284M061674  |c M*3046-1  |l MMKN  |s A  |a 24  |w stu40686_0001